Estudio y transcripción según los mm. ss. más antiguos del siglo XV (Record no. 49659)

MARC details
000 -LEADER
campo de control de longitud fija 00681nam a2200181 i 4500
001 - NÚMERO DE CONTROL
campo de control 49659
003 - IDENTIFICADOR DE NÚMERO DE CONTROL
campo de control ES-MaACL
005 - FECHA Y HORA DE LA ÚLTIMA TRANSACCIÓN
campo de control 20230906162035.0
007 - CAMPO FIJO DE DESCRIPCIÓN FÍSICA--INFORMACIÓN GENERAL
campo de control de longitud fija t|
008 - DATOS DE LONGITUD FIJA--INFORMACIÓN GENERAL
campo de control de longitud fija 030721s1929 sp ||||1| spa d
100 1# - ENTRADA PRINCIPAL--NOMBRE DE PERSONA
Nombre de persona Cots y Gorchs, Jaime.
9 (RLIN) 41184
245 10 - MENCIÓN DEL TÍTULO
Título Estudio y transcripción según los mm. ss. más antiguos del siglo XV
Resto del título : (contribución al estudio del derecho consuetudinario foral de Cataluña) /
Mención de responsabilidad, etc. Jaime Cots y Gorchs.
260 ## - PUBLICACIÓN, DISTRIBUCIÓN, ETC.
Lugar de publicación, distribución, etc. Barcelona :
Nombre del editor, distribuidor, etc. [s.n.],
Fecha de publicación, distribución, etc. 1929 (
Fabricante Casulleras)
300 ## - DESCRIPCIÓN FÍSICA
Extensión 204 p. ;
Dimensiones 21 cm.
500 ## - NOTA GENERAL
Nota general Precede al tít.: Consuetudines Diocesis Gerundensis.
710 2# - ENTRADA AGREGADA--NOMBRE DE ENTIDAD CORPORATIVA
Nombre de entidad corporativa o nombre de jurisdicción como elemento de entrada Consuetudines Diocesis Gerundensis.
9 (RLIN) 3262
852 ## - LOCALIZACIÓN
Ubicación ES-MaACL
Número de control de estantería F-14037
Holdings
Estatus retirado Estado de pérdida Estado de daño No para préstamo Biblioteca de origen Biblioteca actual Ubicación en estantería Fecha de adquisición Fuente de adquisición Total de préstamos Signatura topográfica completa Código de barras Visto por última vez Precio de reemplazo Tipo de ítem Koha
        Biblioteca del Ateneo de Madrid Biblioteca del Ateneo de Madrid Sala Pecera Planta 2 17/01/2008     F-14037 1052251 23/02/2023 23/02/2023 Libro impreso